000 00897cam a22002777a 4500
003 CHAP
005 20220329140036.0
008 971013s1974 r 00010 d
010 _a46085
011 _a47057
035 _a51198
040 _cCHAP
082 _a573.4
_bU54
110 _aUNESCO. Programa sobre el Hombre y la Biósfera
_9116157
245 1 0 _aTask force on
_b: criteria and guidelines for the choice and estableshment of biosphere reserves: final report
260 _aParis :
_bUNESCO,
_c1974
300 _a61 p.
_b: ilus.
590 _aBATCH-UPD
_b10
_c20130110
_lUCH01
_h1825
590 _aBATCH-UPD
_b10
_c20130410
_lUCH01
_h1158
590 _aBATCH-UPD
_b10
_c20130914
_lUCH01
_h0636
590 _aCONVERSION
_b10
_c20130109
_lUCH01
_h1325
650 1 4 _aBiósfera.
_912844
901 _aBK
942 _cLIBRO
949 _a573.4 U54
_bBC
_cLIBRO
_d-114696
_eLIBRO
_h73136
_i51198
_mD
_so
999 _c46085
_d46085